[Event "HUN-chT U18 2nd"]
[Site "Zalakaros"]
[Date "2018.07.28"]
[Round "6.28"]
[White "Kis, Izabella"]
[Black "Homolya, Daniel"]
[Result "1/2-1/2"]
[WhiteElo "1446"]
[BlackElo "1057"]
[PlyCount "58"]
[EventDate "2018.07.26"]
[EventType "team-swiss"]
[EventRounds "7"]
[EventCountry "HUN"]
[SourceTitle "EXT 2019"]
[Source "ChessBase"]
[SourceDate "2018.10.10"]
[SourceVersion "1"]
[SourceVersionDate "2018.10.10"]
[SourceQuality "1"]

1. e4 e5 2. Nf3 Nc6 3. Bc4 Bc5 4. Nc3 d6 5. h3 Be6 6. Bb3 Nf6 7. d3 0-0 8. Be3 Bb6 9. 0-0 Qd7 10. Kh2 Rad8 11. Bg5 Kh8 12. Nd5 Bxd5 13. Bxd5 Rde8 14. Bb3 Rg8 15. Qd2 Na5 16. Nh4 Nxb3 17. axb3 Qe6 18. Nf5 g6 19. Nh6 Rgf8 20. f4 Nd7 21. f5 gxf5 22. Rxf5 f6 23. Bh4 Re7 24. Raf1 Rg7 25. R1f3 Rg6 26. Rg3 Qe8 27. Ng4 Qe7 28. Qe2 c6 29. Qf3 Bd8 1/2-1/2

[Event "HUN-chT U18 2nd"]
[Site "Zalakaros"]
[Date "2018.07.26"]
[Round "2.32"]
[White "Lazsadi, Kerka Lilla"]
[Black "Homolya, Daniel"]
[Result "1-0"]
[WhiteElo "1399"]
[BlackElo "1057"]
[PlyCount "45"]
[EventDate "2018.07.26"]
[EventType "team-swiss"]
[EventRounds "7"]
[EventCountry "HUN"]
[SourceTitle "EXT 2019"]
[Source "ChessBase"]
[SourceDate "2018.10.10"]
[SourceVersion "1"]
[SourceVersionDate "2018.10.10"]
[SourceQuality "1"]

1. e4 e5 2. Nf3 Nc6 3. Bb5 Bc5 4. Nc3 Nf6 5. d3 d6 6. Be3 Bb6 7. 0-0 Bg4 8. Qe2 a6 9. Bxc6+ bxc6 10. Rad1 0-0 11. Bxb6 cxb6 12. Qe3 Rb8 13. d4 Bxf3 14. Qxf3 Qe7 15. d5 c5 16. Qd3 b5 17. b3 Nd7 18. a4 b4 19. Ne2 Ra8 20. Ng3 Qg5 21. Nf5 Qf6 22. f4 Qg6 23. Ne7+ 1-0